Govt. of
Madhya Pradesh

MPPSC Prashnlok Complation of 4000+ Question (Record no. 66850)

MARC details
000 -LEADER
fixed length control field 00270nam a22001097a 4500
082 ## - DEWEY DECIMAL CLASSIFICATION NUMBER
Classification number 001
100 ## - MAIN ENTRY--AUTHOR NAME
Personal name Choudhary,Pawan
245 ## - TITLE STATEMENT
Title MPPSC Prashnlok Complation of 4000+ Question
260 ## - PUBLICATION, DISTRIBUTION, ETC. (IMPRINT)
Place of publication Indore
Name of publisher Shivam Education
Year of publication 2024
650 ## - SUBJECT ADDED ENTRY--TOPICAL TERM
Topical Term GK
942 ## - ADDED ENTRY ELEMENTS (KOHA)
Koha item type Competitive Books
Holdings
Withdrawn status Lost status Damaged status Not for loan Home library Current library Date acquired Cost, normal purchase price Full call number Accession Number Price effective from Koha item type
        MACL MACL 18/05/2024 520.00 001 DPI002143 18/05/2024 Competitive Books
        MACL MACL 18/05/2024 520.00 001 DPI002142 18/05/2024 Competitive Books